MARC

LEADER 00000nam0a2200000 4500
001 293230
005 20231102000556.0
020 |a RU  |b 84-10658 
035 |a (RuTPU)RU\TPU\book\318195 
090 |a 293230 
100 |a 20150429d1984 km y0rusy5003 ca 
101 0 |a rus 
102 |a RU 
105 |a a z 001zy 
200 1 |a Производство пористых изделий из эластомеров  |f В. И. Клочков, В. Л. Рыжков 
210 |a Ленинград  |c Химия  |d 1984 
215 |a 93 с.  |c ил. 
320 |a Библиогр.: с. 91-93 
606 1 |a Эластомеры  |x Получение  |2 stltpush  |3 (RuTPU)RU\TPU\subj\26819  |9 50660 
610 1 |a резина пористая 
610 1 |a производство 
610 1 |a вспенивание 
610 1 |a композиции 
610 1 |a состав 
610 1 |a влияние 
610 1 |a эксплуатационные свойства 
610 1 |a усадка 
610 1 |a испытания 
675 |a 678.074  |z rus  |v 3 
700 1 |a Клочков  |b В. И.  |g Валерий Иванович  |4 070 
701 1 |a Рыжков  |b В. Л.  |g Вячеслав Леонидович  |4 070 
801 0 |a RU  |b RuMRKP  |c 19950704  |g psbo 
801 1 |a RU  |b 63413507  |c 20150429 
801 2 |a RU  |b 63413507  |c 20180428  |g RCR 
942 |c BK